Los Obrajes en la Nueva España : 1530-1630 / (Record no. 67188)
[ view plain ]
| 000 -LEADER | |
|---|---|
| fixed length control field | 00654cam a2200205 4500 |
| 008 - FIXED-LENGTH DATA ELEMENTS--GENERAL INFORMATION | |
| fixed length control field | 1990 spa |
| 020 ## - INTERNATIONAL STANDARD BOOK NUMBER | |
| International Standard Book Number | 968-29-2815-X |
| 050 #4 - LIBRARY OF CONGRESS CALL NUMBER | |
| Classification number | HD9864 |
| Item number | .M4 V5 1990 |
| 100 1# - MAIN ENTRY--PERSONAL NAME | |
| Personal name | Viqueira, Carmen |
| 245 #4 - TITLE STATEMENT | |
| Title | Los Obrajes en la Nueva España : 1530-1630 / |
| Statement of responsibility, etc | Carmen Viqueira, Jose Ignacio Urquiola. |
| 260 ## - PUBLICATION, DISTRIBUTION, ETC. (IMPRINT) | |
| Place of publication, distribution, etc | Mexico : |
| Name of publisher, distributor, etc | Direccion General de Publicaciones, |
| Date of publication, distribution, etc | 1990 |
| 300 ## - PHYSICAL DESCRIPTION | |
| Extent | 374 p. ; |
| Dimensions | 21 cm. |
| 500 ## - GENERAL NOTE | |
| General note | 1 ejemplar |
| 650 #4 - SUBJECT ADDED ENTRY--TOPICAL TERM | |
| Topical term or geographic name as entry element | Peonaje |
| General subdivision | Mexico |
| -- | Historia |
| 650 #4 - SUBJECT ADDED ENTRY--TOPICAL TERM | |
| Topical term or geographic name as entry element | Industria textil |
| General subdivision | Mexico |
| -- | Historia |
| 700 1# - ADDED ENTRY--PERSONAL NAME | |
| Personal name | Urquiola, Jose Ignacio, |
| Relator term | Coaut. |
| 942 ## - ADDED ENTRY ELEMENTS (KOHA) | |
| Source of classification or shelving scheme | Biblioteca del Cogreso de los Estados Unidos |
| Koha item type | Libro |
| Estado de pérdida | Fuente de clasificación | Estado del daño | No para préstamo | Ubicación permanente | Ubicación actual | Apartado o colección | Fecha de adquisición | Edición | Dependencia de educación superior (DES) | Área del conocimiento | Clasificación | Código de Barras | Date last seen | Número de copia | Tipo de recurso |
|---|---|---|---|---|---|---|---|---|---|---|---|---|---|---|---|
| Biblioteca del Cogreso de los Estados Unidos | Biblioteca del Instituto de Investigaciones Históricas | Biblioteca del Instituto de Investigaciones Históricas | General | 24/08/2018 | 1a ed. | Humanidades | Ciencias Sociales y Administrativas | HD9864 .M4 V5 1990 | IIH000025335 | 24/08/2018 | C:1 | Libro |